Flagi państw najbardziej podobne do Austrii - Statystyki

Ogólne statystyki
  • Ten quiz został rozwiązany 105 razy
  • Średni wynik to 7 z 7
Statystyki odpowiedzi
Obrazkowy Odpowiedź % Poprawnych
Polska
100%
Indonezja
99%
Łotwa
99%
Monako
97%
Liban
96%
Peru
95%
Singapur
86%
Nie znaleziono quizów pasujących do podanych kryteriów
Rozkład punktacji
Procent ludzi z każdym wynikiem
Percentyl według liczby udzielonych odpowiedzi
Twoja historia wyników
Nie rozwiązałeś tego quizu